[Event "Abierto Legislatura Norberto La Porta in memoriam"]
[Site "Buenos Aires, ARG"]
[Date "2009.04.07"]
[Round "4.10"]
[White "Rodriguez, Jorge Luis"]
[Black "Nedilski, Diego"]
[Result "0-1"]
[WhiteElo "2393"]
[BlackElo "2290"]

1. e4 g6 2. d4 Bg7 3. Nf3 d6 4. Nc3 Nf6 5. h3 O-O 6. Be3 e5 7. dxe5 dxe5 8.
Qxd8 Rxd8 9. Bc4 Be6 10. Bxe6 fxe6 11. Nxe5 Nxe4 12. Nxe4 Bxe5 13. c3 Nc6 14.
Ke2 b6 15. h4 h5 16. Rag1 Kf7 17. g4 Rh8 18. Rh3 hxg4 19. Rxg4 Rh5 20. Ng5+
Ke7 21. Re4 Kd7 22. Rf3 Rah8 23. Nf7 R8h7 24. Bg5 Bd6 25. Nxd6 cxd6 26. Rf6
Ne5 27. f4 Rxh4 28. Bxh4 Rxh4 29. Rd4 Rh2+ 30. Kd1 Ke7 31. fxe5 dxe5 32. Rxg6
exd4 33. Rg7+ Kd6 34. cxd4 Rxb2 35. Rxa7 Rb4 36. Ke2 Rxd4 37. Ra3 Kc5 38. Re3
Rd6 39. Rc3+ Kb4 40. Re3 b5 41. Rb3+ Kc4 42. Ke3 b4 43. Rb2 Rd3+ 44. Ke4 Rc3
45. Re2 Rc1 46. Ke5 Kd3 47. Rb2 Re1+ 48. Kf4 e5+ 49. Kf3 Rf1+ 50. Kg2 Rf4 51.
a3 bxa3 52. Rb3+ Ke2 53. Rxa3 Rg4+ 54. Kh3 Rg8 55. Ra4 Ke3 56. Ra3+ Kf4 57.
Kh2 e4 58. Ra1 Kf3 0-1

[Event "Abierto Legislatura Norberto La Porta in memoriam"]
[Site "Buenos Aires, ARG"]
[Date "2009.04.07"]
[Round "4.11"]
[White "Olivera, Horacio"]
[Black "Tristan, Leonardo"]
[Result "1-0"]
[WhiteElo "2257"]
[BlackElo "2393"]

1. Nf3 d6 2. g3 f5 3. Bg2 Nf6 4. d4 g6 5. b3 Bg7 6. Bb2 O-O 7. O-O h6 8. Nbd2
g5 9. c4 Qe8 10. d5 c5 11. e3 Na6 12. Rb1 Nc7 13. Qc2 b5 14. Rfe1 Qg6 15.
Bf1 Rb8 16. Bd3 Qh5 17. Be2 Qg6 18. Bd3 Qh5 19. Be2 Ng4 20. Bxg7 Kxg7 21. Qc3+
Kg8 22. b4 cxb4 23. Qxb4 Na6 24. Qa5 Nc5 25. Rxb5 Rxb5 26. cxb5 Ne4 27. Rf1
Bb7 28. h4 Bxd5 29. Bc4 Bxc4 30. Nxc4 f4 31. exf4 gxf4 32. Qe1 d5 33. Ncd2
Ngf6 34. Kh1 Qf5 35. Kg2 Kh8 36. Nd4 Qd7 37. N2f3 Rg8 38. Qc1 Qg4 39. Ne5 Qxh4
40. Nf5 Qh5 41. Qxf4 e6 42. Nxh6 1-0

[Event "Abierto Legislatura Norberto La Porta in memoriam"]
[Site "Buenos Aires, ARG"]
[Date "2009.04.07"]
[Round "4.12"]
[White "Perez Ponsa, Federico"]
[Black "Cuevas, Alex"]
[Result "1/2-1/2"]
[WhiteElo "2389"]
[BlackElo "2244"]

1. e4 c5 2. Nf3 d6 3. d4 cxd4 4. Nxd4 Nf6 5. Nc3 Bd7 6. Bc4 e6 7. Be3 a6 8.
Bb3 Nc6 9. Qe2 Na5 10. f4 Qc7 11. g4 Nxb3 12. cxb3 d5 13. exd5 Bb4 14. dxe6
Bxc3+ 15. bxc3 Qxc3+ 16. Kf2 fxe6 17. Rac1 Qa5 18. Rhf1 O-O 19. Kg1 Rae8 20. g5
Nd5 21. Qd2 Qxd2 22. Bxd2 e5 23. fxe5 Rxf1+ 24. Rxf1 Rxe5 1/2-1/2

[Event "Abierto Legislatura Norberto La Porta in memoriam"]
[Site "Buenos Aires, ARG"]
[Date "2009.04.07"]
[Round "4.13"]
[White "Godoy, Carlos"]
[Black "Della Morte, German"]
[Result "0-1"]
[WhiteElo "2128"]
[BlackElo "2382"]

1. e4 e5 2. Nf3 Nc6 3. Bb5 a6 4. Ba4 Nf6 5. O-O b5 6. Bb3 Bc5 7. Nxe5 Nxe5 8.
d4 Bxd4 9. Qxd4 d6 10. Qd1 O-O 11. f3 c5 12. c3 Bb7 13. a4 Qe7 14. Bg5 h6
15. Bh4 Bc6 16. Qe2 Ng6 17. Bxf6 Qxf6 18. g3 Rfe8 19. axb5 axb5 20. Rxa8 Rxa8
21. Nd2 c4 22. Bc2 Ra2 23. Rb1 Qg5 24. Nf1 d5 25. exd5 Qxd5 26. Be4 Qc5+ 27.
Qe3 Qxe3+ 28. Nxe3 Bxe4 29. fxe4 Ne5 30. Nc2 Nd3 31. Nd4 Nxb2 32. Nxb5 Nd3 33.
Nd4 Ra3 34. Nb5 Rb3 35. Rxb3 cxb3 36. Kf1 Nc5 37. Ke2 Nxe4 38. Kd3 Nf2+ 39.
Kc4 b2 40. Na3 Ng4 41. Kb5 Kf8 42. c4 Ke7 43. Kc6 Ne3 44. c5 f5 45. Kb6 0-1

[Event "Abierto Legislatura Norberto La Porta in memoriam"]
[Site "Buenos Aires, ARG"]
[Date "2009.04.07"]
[Round "4.14"]
[White "Szmetan, Jorge"]
[Black "Krysa, Leandro"]
[Result "1/2-1/2"]
[WhiteElo "2374"]
[BlackElo "2238"]

1. Nf3 Nf6 2. c4 g6 3. g3 Bg7 4. Bg2 O-O 5. O-O d5 6. cxd5 Nxd5 7. d4 Nb6 8.
Nc3 Nc6 9. e3 Re8 10. d5 Na5 11. Nd4 Bd7 12. e4 c6 13. Nb3 Nxb3 14. axb3 cxd5
15. exd5 Qc8 16. Re1 Bg4 17. Qd3 Bf5 18. Qb5 Qd7 19. Bg5 Nc8 20. d6 Nxd6 21.
Qxd7 Bxd7 22. Bxe7 Nf5 23. Bc5 Rxe1+ 24. Rxe1 Bc6 25. Bxc6 bxc6 26. Ra1 Bd4
27. b4 h5 28. Ra6 Rb8 29. Rxa7 Bxc5 30. bxc5 Rxb2 31. Rc7 Rc2 32. Ne4 Nd4 33.
Kg2 Rc4 34. Nf6+ Kg7 35. Nd7 Kg8 36. h3 Rc3 37. h4 Rc2 38. Nf6+ Kg7 39. Ne8+
1/2-1/2

[Event "Abierto Legislatura Norberto La Porta in memoriam"]
[Site "Buenos Aires, ARG"]
[Date "2009.04.07"]
[Round "4.15"]
[White "Dos Santos, Ramiro"]
[Black "Cabrera Pando, Ramiro"]
[Result "1-0"]
[WhiteElo "2441"]
[BlackElo "2104"]

1. e4 d6 2. d4 Nf6 3. Nc3 g6 4. Nf3 Bg7 5. Be2 O-O 6. O-O c6 7. Re1 b5 8. e5
Ne8 9. Bf4 d5 10. Qd2 Nc7 11. Bh6 Ne6 12. Bd3 b4 13. Ne2 c5 14. dxc5 a5 15.
Bxg7 Kxg7 16. Qe3 Qc7 17. Nf4 Nxf4 18. Qxf4 Qxc5 19. Qh4 Nc6 20. e6 f6 21. Qg3
Ba6 22. h4 Bxd3 23. cxd3 Nd4 24. h5 Nxf3+ 25. Qxf3 Rac8 26. Qf4 Qc7 27. Qe3
Qd6 28. Rac1 d4 29. h6+ Kg8 30. Qd2 Qa6 31. Rc2 Rxc2 32. Qxc2 Rc8 33. Qa4 Rd8
34. a3 bxa3 35. bxa3 Kf8 36. g3 Rd6 37. Rc1 Rxe6 38. Qd7 Re2 39. Rc8+ Kf7
40. Qe8+ 1-0

[Event "Abierto Legislatura Norberto La Porta in memoriam"]
[Site "Buenos Aires, ARG"]
[Date "2009.04.07"]
[Round "4.16"]
[White "Godoy, Luciano"]
[Black "Slipak, Sergio"]
[Result "0-1"]
[WhiteElo "2117"]
[BlackElo "2446"]

1. d4 Nf6 2. Nf3 d5 3. Bg5 Ne4 4. Bf4 c5 5. e3 Nc6 6. c3 Qb6 7. Qb3 c4 8.
Qxb6 axb6 9. Nbd2 Nxd2 10. Nxd2 b5 11. e4 e6 12. Be2 b4 13. Bf3 Ra5 14. O-O Kd8
15. Rfe1 Be7 16. Nf1 bxc3 17. bxc3 g5 18. Bg3 f5 19. exf5 exf5 20. Be5 Rg8
21. Ne3 Be6 22. Rab1 g4 23. Nxc4 dxc4 24. Bxc6 bxc6 25. Rb7 Rxa2 26. g3 Rg6 27.
Reb1 Bc8 28. Bc7+ Kd7 0-1

[Event "Abierto Legislatura Norberto La Porta in memoriam"]
[Site "Buenos Aires, ARG"]
[Date "2009.04.07"]
[Round "4.17"]
[White "Wainer, Daniel Alejandro"]
[Black "Julia, Ernesto"]
[Result "0-1"]
[WhiteElo "2115"]
[BlackElo "2371"]

1. e4 e5 2. Nc3 Nf6 3. Bc4 Nxe4 4. Bxf7+ Kxf7 5. Nxe4 d5 6. Ng3 Nc6 7. d3 Be7
8. Nf3 Rf8 9. h4 Kg8 10. Ng5 h6 11. Qh5 Qe8 12. Qxe8 Rxe8 13. Nf3 e4 14.
dxe4 dxe4 15. Nd2 Nd4 16. Rb1 e3 17. fxe3 Nxc2+ 18. Kf2 Nb4 19. a3 Nd3+ 20. Ke2
Ne5 21. Nf3 Ng4 22. Bd2 Bc5 23. Nf1 Bd7 24. Rc1 Bb5+ 25. Ke1 Bb6 26. Rc3 Re7
27. N3h2 Nf6 28. Rb3 Ba6 29. Ng3 Rae8 30. Kd1 Bxe3 31. Nf5 Rd7 32. Nxe3 Ne4
33. Kc1 Nxd2 34. Rc3 Ne4 35. Rb3 Nc5 36. Rc3 Nd3+ 0-1

[Event "Abierto Legislatura Norberto La Porta in memoriam"]
[Site "Buenos Aires, ARG"]
[Date "2009.04.07"]
[Round "4.18"]
[White "Bielicki, Carlos"]
[Black "Bulcourf, Carlos"]
[Result "1-0"]
[WhiteElo "2343"]
[BlackElo "2160"]

1. c4 c6 2. Nc3 e5 3. Nf3 d6 4. d4 Nd7 5. e4 Ngf6 6. g3 Be7 7. Bg2 O-O 8. O-O
a6 9. Qc2 Re8 10. h3 Qc7 11. Be3 b6 12. Rac1 Bb7 13. Qb1 Rac8 14. Rfd1 Qb8
15. Nd2 b5 16. d5 b4 17. dxc6 Bxc6 18. Nd5 Bxd5 19. cxd5 Rxc1 20. Rxc1 Rc8 21.
Nb3 Bd8 22. Rc6 Rxc6 23. dxc6 Nf8 24. Qd3 a5 25. Qa6 Qc7 26. Nd2 Ne6 27. Nc4
Kf8 28. Qa8 Nc5 29. Nxe5 Ke8 30. Nc4 Ne6 31. Bb6 Qe7 32. Bxa5 Nc7 33. Qc8
Qe6 34. Qxe6+ fxe6 35. Nxd6+ Ke7 36. Bxb4 Na6 37. Ba3 Bc7 38. Nc4+ Kd8 39. b4
Ne8 40. b5 Nb8 41. e5 Kc8 42. b6 Bxb6 43. Nxb6+ Kc7 44. Na8+ Kc8 45. Bd6 Na6
46. a4 1-0

[Event "Abierto Legislatura Norberto La Porta in memoriam"]
[Site "Buenos Aires, ARG"]
[Date "2009.04.07"]
[Round "4.19"]
[White "Perelman, Hernan"]
[Black "Scarfo, Ruben"]
[Result "1-0"]
[WhiteElo "2326"]
[BlackElo "2138"]

1. d4 Nf6 2. c4 g6 3. Nc3 Bg7 4. e4 d6 5. Be2 O-O 6. Bg5 c5 7. d5 Qa5 8. Bd2
Qd8 9. Nf3 e5 10. Bg5 h6 11. Bh4 Nbd7 12. Nd2 a6 13. a3 Re8 14. O-O g5 15.
Bg3 Nf8 16. b4 b6 17. Rb1 Ng6 18. bxc5 bxc5 19. Qb3 Nd7 20. Qa4 Nf4 21. Bd1 Nb8
{ Celular} 1-0

[Event "Abierto Legislatura Norberto La Porta in memoriam"]
[Site "Buenos Aires, ARG"]
[Date "2009.04.07"]
[Round "4.20"]
[White "Mayorga, Nicolas"]
[Black "Fernandez, Maria Florencia"]
[Result "1-0"]
[WhiteElo "2306"]
[BlackElo "2105"]

1. e4 c5 2. Nf3 d6 3. d4 cxd4 4. Nxd4 Nf6 5. Nc3 g6 6. Be3 Bg7 7. f3 O-O 8.
Qd2 Nc6 9. g4 Bd7 10. O-O-O Rb8 11. h4 a6 12. h5 b5 13. Nxc6 Bxc6 14. Bh6 Qa5
15. Bxg7 Kxg7 16. hxg6 fxg6 17. Qh6+ Kg8 18. g5 Nh5 19. Rxh5 gxh5 20. g6 hxg6
21. Qxg6+ Kh8 22. Qh6+ Kg8 23. Bc4+ 1-0

[Event "Abierto Legislatura Norberto La Porta in memoriam"]
[Site "Buenos Aires, ARG"]
[Date "2009.04.07"]
[Round "4.21"]
[White "Heinecke, Lucas"]
[Black "Landriel, Mario"]
[Result "0-1"]
[WhiteElo "1979"]
[BlackElo "2271"]

1. Nf3 Nf6 2. c4 g6 3. g3 Bg7 4. Nc3 O-O 5. Bg2 c6 6. O-O d5 7. cxd5 cxd5 8.
d4 Nc6 9. Ne5 e6 10. Nxc6 bxc6 11. Na4 Nd7 12. Bf4 Ba6 13. Rc1 Bb5 14. Bd6
Re8 15. Nc5 Nxc5 16. Bxc5 Qa5 17. a3 e5 18. dxe5 Bxe5 19. Qc2 Bc4 20. Bb4 Qb5
21. b3 Bxe2 22. Rfe1 Bd4 23. Qxc6 Qd3 24. Bc5 Rac8 25. Qxd5 Rxc5 26. Rxc5
Bxf2+ 27. Kh1 Bxe1 28. Rc7 Qxd5 29. Bxd5 Rd8 30. Bxf7+ Kh8 31. Re7 Bf3+ 32. Kg1
Ba5 33. Re8+ Rxe8 34. Bxe8 Bb6+ 35. Kf1 Kg7 36. Bb5 Kf6 37. Bc4 Ke5 38. Bg8 h6
39. Bf7 g5 40. b4 Bd4 41. Bb3 Ke4 42. a4 Ke3 43. Bc4 Bc3 44. b5 Bd1 45. Kg2
Bxa4 0-1

[Event "Abierto Legislatura Norberto La Porta in memoriam"]
[Site "Buenos Aires, ARG"]
[Date "2009.04.07"]
[Round "4.22"]
[White "Ambrogi, Agustin"]
[Black "Fabian, Ariel"]
[Result "1/2-1/2"]
[WhiteElo "2255"]
[BlackElo "2087"]

1. e4 c6 2. Nc3 d5 3. Qf3 dxe4 4. Nxe4 Nd7 5. d4 Ndf6 6. c3 Nxe4 7. Qxe4 Nf6
8. Qh4 Bf5 9. Nf3 e6 10. Ne5 Be7 11. Qg3 O-O 12. Bh6 Nh5 13. Qf3 Nf6 14. Qg3
Nh5 15. Qf3 Nf6 1/2-1/2

[Event "Abierto Legislatura Norberto La Porta in memoriam"]
[Site "Buenos Aires, ARG"]
[Date "2009.04.07"]
[Round "4.23"]
[White "Bianchi, Lucas"]
[Black "Converset, Juan Jose"]
[Result "1-0"]
[WhiteElo "2090"]
[BlackElo "2239"]

1. c4 g6 2. Nc3 Bg7 3. g3 e5 4. Bg2 Nc6 5. e4 d6 6. Nge2 Be6 7. d3 Qd7 8. O-O
h5 9. h4 Bh3 10. Nd5 Bxg2 11. Kxg2 Nd4 12. b4 c6 13. Ndc3 Ne6 14. Be3 Nh6
15. f3 f5 16. Qd2 Qe7 17. Rh1 Qf6 18. Rac1 f4 19. gxf4 O-O 20. Rcg1 exf4 21.
Bf2 Ng4 22. Rh3 Ne5 23. Kf1 Kh7 24. Ke1 a5 25. b5 Nc5 26. d4 Nxc4 27. Qc2 Na3
28. Qd1 Nd7 29. Rh2 Rfc8 30. Rhg2 Nf8 31. e5 dxe5 32. Ne4 Qe7 33. Qd3 cxb5 34.
Nc5 e4 35. fxe4 Nc4 36. Nxf4 Rxc5 37. Nxg6 Nb2 38. Nxe7 Nxd3+ 39. Kd2 Ne6
40. dxc5 Rd8 41. Kc2 Nxf2 42. Rxf2 Nd4+ 43. Kc1 Bf6 44. Rxf6 Ne2+ 45. Kc2 Nxg1
46. Rf7+ Kh8 47. Nd5 Rc8 48. Nf6 Rxc5+ 49. Kb2 1-0

[Event "Abierto Legislatura Norberto La Porta in memoriam"]
[Site "Buenos Aires, ARG"]
[Date "2009.04.07"]
[Round "4.24"]
[White "Gargiulo, Lucas"]
[Black "Quinzio, Martin"]
[Result "1-0"]
[WhiteElo "2225"]
[BlackElo "1953"]

1. d4 d5 2. c4 c6 3. Nc3 Nf6 4. Nf3 e6 5. e3 Bd6 6. Qc2 Nbd7 7. b3 O-O 8. Bb2
Qe7 9. Be2 dxc4 10. bxc4 e5 11. O-O e4 12. Nd2 Re8 13. Rfe1 Nf8 14. f4 Bf5
15. Nf1 h6 16. Ng3 Bh7 17. Qb3 g5 18. fxg5 hxg5 19. Rf1 Bxg3 20. hxg3 Rab8 21.
Qa3 N8d7 22. Qxe7 Rxe7 23. Ba3 Ree8 24. Bd6 Rbc8 25. Rab1 b6 26. a4 a6 27.
c5 b5 28. d5 Nxd5 29. Nxd5 cxd5 30. axb5 Nxc5 31. bxa6 Nxa6 32. Bxa6 Rc3 33.
Rfe1 Bf5 34. Bb4 Rc2 35. Rec1 Rxc1+ 36. Rxc1 Ra8 37. Bc5 {Planilla Ilegibel}
1-0

[Event "Abierto Legislatura Norberto La Porta in memoriam"]
[Site "Buenos Aires, ARG"]
[Date "2009.04.07"]
[Round "4.25"]
[White "Segovia, Luis"]
[Black "Granara Barreto, Sebastian A."]
[Result "0-1"]
[WhiteElo "1930"]
[BlackElo "2198"]

1. e4 e5 2. Nf3 Nc6 3. Bc4 Bc5 4. c3 Nf6 5. d3 d6 6. Nbd2 O-O 7. O-O a6 8.
Bb3 Bg4 9. h3 Bh5 10. Re1 h6 11. Nf1 d5 12. exd5 Nxd5 13. Ng3 Bg6 14. Nh2 Nf6
15. Bc2 Bb6 16. Be3 Bxe3 17. fxe3 Qd6 18. Qe2 e4 19. Nxe4 Nxe4 20. dxe4 Rae8
21. Qc4 Qg3 22. Nf3 Bh5 23. Qe2 Ne5 0-1

[Event "Abierto Legislatura Norberto La Porta in memoriam"]
[Site "Buenos Aires, ARG"]
[Date "2009.04.07"]
[Round "4.26"]
[White "Anelli, Antonio"]
[Black "Diaz Wong, Renzo"]
[Result "1/2-1/2"]
[WhiteElo "2193"]
[BlackElo "1942"]

1. d4 Nf6 2. c4 e6 3. g3 d5 4. Bg2 c6 5. Nf3 Bd6 6. Qc2 Nbd7 7. O-O Ne4 8. b3
O-O 9. Ba3 f5 10. e3 g5 11. Bxd6 Nxd6 12. Nbd2 Ne4 13. Rfc1 Ndf6 14. Nxe4
Nxe4 15. Ne5 Bd7 16. f3 Nd6 17. f4 g4 18. b4 a6 19. a4 Rc8 20. Rab1 Kg7 21. Qb3
Qe7 22. Rc2 h5 23. Rbc1 Rfd8 24. Qa3 Nf7 25. cxd5 Nxe5 26. dxe5 cxd5 27.
Rxc8 Rxc8 28. Rxc8 Bxc8 29. Qc3 Qd7 30. Qc5 Kf7 31. Bf1 Qc6 32. Qxc6 bxc6 33.
Kf2 Ke7 1/2-1/2

[Event "Abierto Legislatura Norberto La Porta in memoriam"]
[Site "Buenos Aires, ARG"]
[Date "2009.04.07"]
[Round "4.27"]
[White "Fiszman, Felix"]
[Black "Pucill, Facundo"]
[Result "0-1"]
[WhiteElo "1853"]
[BlackElo "2170"]

1. e4 c6 2. d4 d5 3. e5 c5 4. Nf3 Bg4 5. c3 Nc6 6. Bb5 e6 7. Bxc6+ bxc6 8.
O-O Qb6 9. dxc5 Bxc5 10. b4 Bf8 11. Be3 Bxf3 12. Qxf3 Qb8 13. Nd2 Qxe5 14. Bd4
Qg5 15. Qe2 Bd6 16. Nf3 Qh5 17. Rfe1 Nf6 18. Qa6 O-O 19. h3 Rfc8 20. Bxf6
gxf6 21. b5 Kh8 22. bxc6 Rg8 23. Kf1 Qg6 24. g4 Qh6 25. Ng1 f5 26. c7 Bxc7 27.
Rad1 fxg4 28. hxg4 Bh2 29. Rxd5 Bxg1 30. Rh5 Qd2 31. Re2 Qd1+ 32. Re1 Qxg4 33.
Qd3 Qxh5 34. Qd4+ Rg7 35. Re3 Qg4 0-1

[Event "Abierto Legislatura Norberto La Porta in memoriam"]
[Site "Buenos Aires, ARG"]
[Date "2009.04.07"]
[Round "4.28"]
[White "Seidler, Aldo E."]
[Black "De Cesare, Ricardo"]
[Result "1-0"]
[WhiteElo "2330"]
[BlackElo "2055"]

1. e4 e5 2. Nf3 Nc6 3. Bb5 a6 4. Ba4 Nf6 5. O-O Be7 6. Re1 b5 7. Bb3 d6 8. h3
Na5 9. c3 Nxb3 10. Qxb3 O-O 11. d4 exd4 12. cxd4 h6 13. d5 Re8 14. Nd4 Bd7
15. Bd2 Bf8 16. Nc3 Qc8 17. Rac1 g5 18. f3 Bg7 19. Nce2 Nh5 20. Ba5 Ra7 21.
Nc6 Rb7 22. g4 Nf6 23. Bd2 Bxc6 24. Rxc6 Nd7 25. Rec1 Nc5 26. Qc2 b4 27. b3 Qd8
28. Ng3 Bd4+ 29. Kg2 Qf6 30. Nf5 Rc8 31. Nxd6 Rb6 32. Nxc8 Rxc6 33. dxc6 Ne6
34. Qc4 Qd8 35. Qxa6 Kg7 36. Rc2 Bc3 37. Bxc3+ bxc3 38. Qc4 Nf4+ 39. Kh2
Qxc8 40. Qxc3+ Kg6 41. Rd2 Qa6 42. Qc4 Qa5 43. b4 Qe5 44. Kh1 Qa1+ 45. Kh2 Qe5
46. Qc5 Qa1 47. e5 Qf1 48. Qf2 Qa1 49. Rd4 Qc3 50. a4 Qxc6 51. b5 Qc5 1-0

[Event "Abierto Legislatura Norberto La Porta in memoriam"]
[Site "Buenos Aires, ARG"]
[Date "2009.04.07"]
[Round "4.29"]
[White "Varela, Gaston"]
[Black "Gandolfo, Alberto"]
[Result "1-0"]
[WhiteElo "2323"]
[BlackElo "2041"]

1. e4 c6 2. d4 d5 3. Nc3 dxe4 4. Nxe4 Nf6 5. Nxf6+ gxf6 6. Bc4 e6 7. Nf3 Bd6
8. Qe2 Qc7 9. g3 b6 10. Bh6 Rg8 11. O-O-O Rg6 12. Bd2 a5 13. Nh4 Rg8 14. Qh5
Rh8 15. Rhe1 Kd8 16. Bh6 Bf8 17. Bxf8 Rxf8 18. d5 e5 19. Qh6 Re8 20. d6 1-0

[Event "Abierto Legislatura Norberto La Porta in memoriam"]
[Site "Buenos Aires, ARG"]
[Date "2009.04.07"]
[Round "4.30"]
[White "Albarracin, Nicolas"]
[Black "Rago, Sergio"]
[Result "1-0"]
[WhiteElo "2029"]
[BlackElo "2250"]

1. e4 c5 2. Nf3 e6 3. d4 cxd4 4. Nxd4 a6 5. Nc3 Qc7 6. Bd3 Nc6 7. Nxc6 Qxc6
8. O-O Bb4 9. Bd2 Ne7 10. Kh1 b6 11. a3 Bc5 12. e5 Bb7 13. Be4 Qc7 14. f4 d5
15. exd6 Bxd6 16. Qf3 O-O-O 17. Be3 Nf5 18. Bf2 Bc5 19. Bxc5 bxc5 20. Bxb7+
Qxb7 21. Na4 c4 22. Qc3 Rd4 23. Nc5 Qc6 24. Nb3 Nh4 25. Rf2 Rxf4 26. Na5 Qd5
27. Rd2 Qf5 28. Rg1 Qc5 29. b4 Qc7 30. g3 Rf3 31. Qxg7 1-0

[Event "Abierto Legislatura Norberto La Porta in memoriam"]
[Site "Buenos Aires, ARG"]
[Date "2009.04.07"]
[Round "4.32"]
[White "Grushka, Carlos"]
[Black "Calens, Diego"]
[Result "0-1"]
[WhiteElo "2235"]
[BlackElo "2037"]

1. c4 g6 2. d4 Bg7 3. g3 Nf6 4. Bg2 O-O 5. Nf3 d6 6. O-O Nbd7 7. Qc2 e5 8.
Rd1 Qe7 9. b3 Re8 10. Nc3 c6 11. dxe5 dxe5 12. e4 a5 13. Ne1 Nf8 14. Nd3 N6d7
15. Be3 Ne6 16. f4 exf4 17. gxf4 Nec5 18. Nf2 Nf6 19. Bd4 Nh5 20. Bxg7 Kxg7
21. Ne2 Qh4 22. Qd2 Ne6 23. Nd3 Kg8 24. Rf1 Rd8 25. Qe3 Bd7 26. Ne5 Be8 27. f5
Ng5 28. Nf4 Nf6 29. Rae1 Ng4 30. Nxg4 Qxg4 31. fxg6 hxg6 32. Rf2 Rd7 33. h3
Qh4 34. Ref1 Rad8 35. Nxg6 fxg6 36. Rf8+ Kh7 37. Qc3 Rg7 38. R1f4 Qh5 39. Qf6
Rd1+ 40. Kh2 Rd2 41. h4 Rxg2+ 42. Kxg2 Qe2+ 43. Rf2 Qxe4+ 44. Kg3 Qe3+ 45.
Kh2 Ne4 46. Qd8 Nxf2 47. Kg2 Rf7 48. Rxe8 Qh3+ 49. Kg1 Qh1# 0-1

[Event "Abierto Legislatura Norberto La Porta in memoriam"]
[Site "Buenos Aires, ARG"]
[Date "2009.04.07"]
[Round "4.33"]
[White "Del Castillo, Gustavo"]
[Black "Pichot, Alan"]
[Result "0-1"]
[WhiteElo "2223"]
[BlackElo "2014"]

1. c4 c5 2. Nc3 Nc6 3. g3 g6 4. Bg2 Bg7 5. Nf3 e5 6. O-O Nge7 7. Ne1 d6 8.
Nc2 O-O 9. d3 f5 10. Rb1 Be6 11. Nd5 Rb8 12. b4 cxb4 13. Ncxb4 Nxb4 14. Rxb4
Nxd5 15. cxd5 Bd7 16. Be3 b5 17. Qd2 a5 18. Rbb1 b4 19. Rfc1 Rc8 20. Rxc8 Qxc8
21. Rc1 Qb7 22. Bh6 Rc8 23. Bxg7 Kxg7 24. Rxc8 Bxc8 25. Kf1 a4 26. Qb2 b3 27.
a3 Qb6 28. e3 Ba6 29. Ke1 Qa5+ 30. Kd1 Bxd3 31. f4 Qc5 32. Kd2 Be4 33. Bxe4
fxe4 34. fxe5 Qxd5+ 35. Kc1 Qxe5 36. Qb1 Qc3+ 37. Kd1 Qd3+ 0-1

[Event "Abierto Legislatura Norberto La Porta in memoriam"]
[Site "Buenos Aires, ARG"]
[Date "2009.04.07"]
[Round "4.34"]
[White "Perez Pietronave, Carlos"]
[Black "Prieu, Gustavo"]
[Result "1-0"]
[WhiteElo "2218"]
[BlackElo "2003"]

1. f4 d5 2. g3 Nf6 3. Bg2 g6 4. Nf3 Bg7 5. d3 O-O 6. O-O c5 7. Nc3 d4 8. Na4
Qc7 9. c4 Nbd7 10. e4 dxe3 11. Bxe3 Ng4 12. Bd2 Nb6 13. Nc3 Bf5 14. h3 Nh6
15. Qe2 Rad8 16. Ne4 Bxe4 17. dxe4 Bxb2 18. f5 Bxa1 19. Rxa1 Rxd2 20. Qxd2 Kg7
21. Qc3+ Kg8 22. g4 f6 23. g5 Nf7 24. gxf6 exf6 25. fxg6 hxg6 26. Qxf6 Qd6
27. Qc3 Nd7 28. e5 Ndxe5 29. Nxe5 Qxe5 30. Qxe5 Nxe5 31. Bxb7 Kg7 32. Bd5 Nf3+
33. Kh1 Nd4 34. Rb1 Rf2 35. Rb7+ Kh6 36. Rxa7 Kg5 37. Kg1 Rc2 38. Kf1 Nf5 39.
Ra3 Nd4 40. Rg3+ Kf5 41. Rg2 Rc1+ 42. Kf2 Rc3 43. h4 Rh3 44. Rg5+ Kf4 45.
Rxg6 Rxh4 46. a4 Rh2+ 47. Bg2 Rh7 48. a5 Re7 49. Bf1 Ke5 50. Rg5+ Kd6 51. Rd5+
Kc6 52. Bg2 Rf7+ 53. Rf5+ 1-0

[Event "Abierto Legislatura Norberto La Porta in memoriam"]
[Site "Buenos Aires, ARG"]
[Date "2009.04.07"]
[Round "4.35"]
[White "Tokman, Ariel"]
[Black "Tamayo, Jose Luis"]
[Result "1-0"]
[WhiteElo "2210"]
[BlackElo "2000"]

1. c4 Nf6 2. Nc3 g6 3. g3 Bg7 4. Bg2 O-O 5. Rb1 d6 6. b4 Nbd7 7. d3 a5 8. b5
Rb8 9. Bd2 b6 10. e4 Nc5 11. Qc2 e5 12. Nge2 Ne6 13. O-O Nd7 14. Nd5 Bb7 15.
f4 exf4 16. Nexf4 Ndc5 17. Be3 Nxf4 18. Nxf4 Ne6 19. Ne2 Qe7 20. Rbe1 Rbe8
21. Qd2 Nc5 22. Nf4 Qd8 23. Bf2 f5 24. exf5 Bxg2 25. Kxg2 Rxf5 26. Nd5 Rxe1 27.
Rxe1 Rf7 28. Qe2 Kf8 29. d4 Nb7 30. Nf4 Qd7 31. Ne6+ Kg8 32. Qe4 Nd8 33. Qa8
Bf6 34. Nf4 Kg7 35. Qd5 Re7 36. Rxe7+ Qxe7 37. c5 dxc5 38. dxc5 bxc5 39.
Bxc5 Qe8 40. Qc4 Qf7 41. Qxf7+ Kxf7 42. Kf3 Ne6 43. Nxe6 Kxe6 44. Ke4 Bc3 45.
Kd3 Kd5 46. Be3 Be5 47. a4 c5 48. Bf4 c4+ 49. Kc2 Bd4 50. Bc7 Bg1 51. h3 Bf2
52. Bxa5 Bxg3 53. Bb6 h5 54. a5 g5 55. a6 Bb8 56. a7 Bxa7 57. Bxa7 g4 58. hxg4
hxg4 59. Kc3 g3 60. Bg1 1-0

[Event "Abierto Legislatura Norberto La Porta in memoriam"]
[Site "Buenos Aires, ARG"]
[Date "2009.04.07"]
[Round "4.36"]
[White "Zuriel, Marisa"]
[Black "Jarmoluk, Jorge E."]
[Result "0-1"]
[WhiteElo "2201"]
[BlackElo "2043"]

1. e4 e6 2. d4 d5 3. Nc3 dxe4 4. Nxe4 Nd7 5. Nf3 Ngf6 6. Bd3 Be7 7. Qe2 O-O
8. Bd2 b6 9. O-O-O Bb7 10. h4 Bxe4 11. Bxe4 Nxe4 12. Qxe4 Nf6 13. Qe2 Qd5 14.
Kb1 c5 15. Bg5 c4 16. g4 c3 17. Bxf6 Bxf6 18. g5 Be7 19. Rhg1 cxb2 20. h5
Rac8 21. Rd3 Rc4 22. h6 Rfc8 23. Ne1 Ra4 24. Rb3 Rxd4 25. Nd3 e5 26. Qxe5 Qxe5
27. Nxe5 Rd2 28. Rxb2 Rxf2 29. c3 Rf5 30. Re2 Rxg5 31. Rf1 Bf6 32. Nd7 Rb5+
33. Rb2 Rxb2+ 34. Kxb2 Bxc3+ 35. Kb3 Bd4 36. Rd1 Be3 37. hxg7 Kxg7 38. Ne5 Rc7
39. Rf1 b5 40. Ng4 Bc5 41. Nf6 Rc6 42. Ne4 Bd4 43. Kb4 a6 44. Ng5 Rc4+ 45.
Kb3 Bf6 46. Nf3 a5 47. Rg1+ Kf8 0-1

[Event "Abierto Legislatura Norberto La Porta in memoriam"]
[Site "Buenos Aires, ARG"]
[Date "2009.04.07"]
[Round "4.37"]
[White "Heinecke, Victor"]
[Black "Guerrero, Alvaro"]
[Result "1/2-1/2"]
[WhiteElo "2026"]
[BlackElo "2197"]

1. e4 c5 2. Nc3 Nc6 3. g3 g6 4. Bg2 Bg7 5. d3 e6 6. Be3 Nd4 7. Qd2 Ne7 8.
Nge2 d6 9. O-O O-O 10. Nd1 Bd7 11. c3 Nxe2+ 12. Qxe2 Qc8 13. Qd2 e5 14. Bh6 f6
15. Bxg7 Kxg7 16. Ne3 b6 17. f4 Qc7 18. f5 g5 19. h4 h6 20. Rac1 Rg8 21. hxg5
hxg5 22. d4 Bb5 23. Rfd1 Rad8 24. Kf2 Rh8 25. Ng4 c4 26. d5 Rh7 27. Rh1 Rdh8
28. Rxh7+ Rxh7 29. Rh1 Rxh1 30. Bxh1 Qc8 31. Bf3 Qh8 32. Kg2 Ba6 33. Qe3 Bb7
34. Qg1 Nc8 35. Qh2 Qxh2+ 36. Kxh2 b5 37. Kg2 Nb6 38. Bd1 a5 39. Ne3 Nd7 40.
a4 Ba6 41. axb5 Bxb5 42. Be2 Nb6 43. Kf2 a4 44. Ke1 Kf7 45. Kd2 Ke7 46. Kc2
Ba6 47. Kb1 Nd7 48. Bxc4 Bxc4 49. Nxc4 Nc5 50. Nd2 Kd7 51. Kc2 Kc7 52. Kd1 Nd3
53. Kc2 Ne1+ 54. Kd1 Nd3 55. Kc2 Ne1+ 56. Kd1 Nd3 1/2-1/2

[Event "Abierto Legislatura Norberto La Porta in memoriam"]
[Site "Buenos Aires, ARG"]
[Date "2009.04.07"]
[Round "4.38"]
[White "Ferrara, Alexis"]
[Black "Alvarez, Alberto Elias"]
[Result "1-0"]
[WhiteElo "2196"]
[BlackElo "1983"]

1. d4 g6 2. c4 Bg7 3. Nc3 c5 4. d5 Bxc3+ 5. bxc3 f5 6. e4 fxe4 7. f3 e5 8.
dxe6 Nc6 9. Bf4 Qf6 10. Qd2 Qxe6 11. Nh3 exf3+ 12. Kf2 Nge7 13. Ng5 fxg2 14.
Bxg2 Qf6 15. Rhf1 O-O 16. Kg1 Nf5 17. Ne4 Qg7 18. Nd6 Nd8 19. Nxf5 Rxf5 20. Bh6
Qf6 21. Rxf5 gxf5 22. Bg5 Qf8 23. Bxd8 Qxd8 24. Bd5+ Kg7 25. Qg2+ Kf6 26.
Qg3 Qf8 27. Qh4+ Ke5 28. Re1+ 1-0